000 00457cam a2200145 4500500
005 20251012032622.0
041 _afre
042 _adc
100 1 0 _aVieira, António
_eauthor
245 0 0 _aDiario de viagem pelo Brasil : Ano de 1999 (fragmento)
260 _c2008.
500 _a10
786 0 _nSigila | 21 | 1 | 2008-06-20 | p. 117-126 | 1286-1715
856 4 1 _uhttps://shs.cairn.info/revue-sigila-2008-1-page-117?lang=fr&redirect-ssocas=7080
999 _c1547831
_d1547831